Survivor Cagayan: Logic Puzzle Quiz Stats

 Plays Quiz not verified by Sporcle

Support Sporcle.
Go Orange.
Score 0/18 Timer 15:00
0 Plays Today
Column Answer % Correct
A1









???
100%
B1









???
67.9%
F1









???
65.5%
F2









???
54.5%
D3









???
47.2%
E2









???
45%
D2









???
42.9%
F3









???
42.1%
A3









???
38.5%
Column Answer % Correct
E3









???
37%
B3









???
30.6%
B2









???
30.4%
C3









???
27.9%
C1









???
26.6%
C2









???
26.6%
E1









???
25.6%
D1









???
24.3%
A2









???
22.8%

You're not logged in!

Compare scores with friends on all Sporcle quizzes.
OR
Log In

From the Vault

Math Maze!

by 1sophia12345

You'll never escape from this math alive! (probably)
Remove Ads.
Support Sporcle.
Get the best of Sporcle when you Go Orange. This ad-free experience offers more features, more stats, and more fun while also helping to support Sporcle. Thank you for becoming a member.

Show Comments

Extras

Top Quizzes Today


Score Distribution

Your Account Isn't Verified!

In order to create a playlist on Sporcle, you need to verify the email address you used during registration. Go to your Sporcle Settings to finish the process.

Report this User

Report this user for behavior that violates our Community Guidelines.

Details: